=LDR 00000nam 2200000 4500 =001 INLIS000000000056810 =005 20201005102437 =035 ##$$a 0010-1020000003 =007 ta =008 201005################g##########0#ind## =082 ##$$a 306.095 982 1 =084 ##$$a 306.095 982 1 ROS p =100 #$$a Rosyadi =245 1#$$a Peranan tembang sunda dalam menanamkan nilai-nilai budaya masyarakat /$c Rosyadi, Siti Maria =260 ##$$a Jakarta :$b Depdikbud,$c 1994 =300 ##$$a x, 98 hlm ; $c 21 x 15 cm =504 ##$$a Bibliografi: halaman 95-98 =600 #4$$a Kebudayaan Sunda =990 ##$$a 63.753/Hd.94 =990 ##$$a 63.756/Hd.94 =990 ##$$a 63.752/Hd.94